| Tag |
First Indicator |
Second Indicator |
Subfields |
| LEADER |
00000cam a2200000 4500 |
| 001 |
in00002411213 |
| 005 |
20151109085856.0 |
| 008 |
691021s1965 txu b 101 0 eng |
| 010 |
|
|
|a 73006635
|
| 029 |
1 |
|
|a AU@
|b 000024815268
|
| 035 |
|
|
|a (OCoLC)ocm00028104
|
| 035 |
|
|
|a (OCoLC)28104
|
| 040 |
|
|
|a DLC
|c DLC
|d IJC
|d OCLCQ
|d BTCTA
|d LVB
|d OCLCG
|d TXA
|d UtOrBLW
|
| 043 |
|
|
|a n-us-tx
|a n-usp--
|
| 049 |
|
|
|a TXAM
|
| 050 |
0 |
0 |
|a GR109
|b .D6 1965
|
| 082 |
0 |
0 |
|a 398/.09791
|
| 090 |
|
|
|a GR1
|b .T4 no. 7 1928a
|
| 100 |
1 |
|
|a Dobie, J. Frank
|q (James Frank),
|d 1888-1964,
|e editor.
|
| 245 |
1 |
0 |
|a Follow de drinkin' gou'd.
|
| 250 |
|
|
|a [Facsim. ed.].
|
| 264 |
|
1 |
|a Dallas :
|b Southern Methodist University Press,
|c [1965]
|
| 264 |
|
4 |
|c [©1928]
|
| 300 |
|
|
|a 201 pages ;
|c 24 cm.
|
| 336 |
|
|
|a text
|b txt
|2 rdacontent
|
| 337 |
|
|
|a unmediated
|b n
|2 rdamedia
|
| 338 |
|
|
|a volume
|b nc
|2 rdacarrier
|
| 490 |
1 |
|
|a Texas Folklore Society. Publication ;
|v no. 7
|
| 500 |
|
|
|a Includes unacc. melodies with words.
|
| 500 |
|
|
|a "Proceedings of the thirteenth annual session (1927) of the Texas Folk-lore Society": pages [181]-182.
|
| 504 |
|
|
|a Includes bibliographical references and index.
|
| 505 |
0 |
0 |
|t The play-party in Oklahoma /
|r B.A. Botkin --
|t Folk-lore relating to Texas birds / John K. Strecker --
|t Tall tales for the tenderfeet /
|r A.W. Penn --
|t Fishback yarns from the Sulphurs /
|r J.M Deaver --
|t Paul Bunyan: oil man /
|r John Lee Brooks --
|t Pipeline days and Paul Bunyan /
|r Acel Garland --
|t Le loup blanc of Bollivar's Peninsula /
|r Philip C. Tucker --
|t Pioneer folk tales /
|r Mary Jourdan Atkinson and J. Frank Dobie --
|t The corn thief-a folk anecdote /
|r John R. Craddock --
|t The Texas pecan /
|t The man in the moon /
|r G.T. Bludworth --
|t Follow the drinking gourd /
|r H.B. Parks --
|t Some Negro folk-songs of Texas /
|r Mary Virginia Bales --
|t Six Negro folk-songs /
|r Nicolas Joseph Hutchinson Smith --
|t Confidences from old Nacogdoches /
|r Martha Emmons --
|t The ghosts of Lake Jackson /
|r Bertha MeKee Dobie --
|t How Mr. Polecat got his scent /
|r Kate Stoner O'Conner --
|t De pot-song /
|r Palmer A. Throop --
|t Notes on some recent treatments of Negro folk-lore /
|r Robert Adger Law --
|t Some characteristics of cowboy songs /
|r Newton Gaines --
|t More ballads and songs of the frontier folk /
|r J. Frank Dobie.
|
| 650 |
|
0 |
|a Folklore
|z Southwest, New.
|
| 650 |
|
0 |
|a African Americans
|z Southwest, New
|v Folklore.
|
| 650 |
|
0 |
|a African Americans
|z Texas
|v Music.
|
| 650 |
|
0 |
|a Folk music
|z Texas.
|
| 650 |
|
0 |
|a Ballads, English
|z Texas.
|
| 650 |
|
6 |
|a Folklore
|z États-Unis (Nouveau Sud-Ouest)
|
| 650 |
|
6 |
|a Noirs américains
|z États-Unis (Nouveau Sud-Ouest)
|x Folklore.
|
| 650 |
|
6 |
|a Noirs américains
|z Texas
|x Musique.
|
| 650 |
|
6 |
|a Musique folklorique
|z Texas.
|
| 650 |
|
6 |
|a Ballades anglaises
|z Texas.
|
| 830 |
|
0 |
|a Publications of the Texas Folklore Society ;
|v no. 7.
|
| 938 |
|
|
|a Baker and Taylor
|b BTCP
|n 73006635 //r885
|
| 948 |
|
|
|a cataloged
|b h
|c 2008/7/31
|d c
|e ceaton
|f 11:21:20 am
|
| 994 |
|
|
|a C0
|b TXA
|
| 999 |
|
|
|a MARS
|
| 999 |
f |
f |
|s 0ff6f0ed-850f-3b9c-9208-8e94c95bf55b
|i ad98cddd-ef29-3d16-8ca2-e981ebc47307
|t 0
|
| 952 |
f |
f |
|p noncirc
|a Texas A&M University
|b College Station
|c Cushing Memorial Library & Archives
|d Cushing: Kelsey Americana (Does not check out)
|t 0
|e GR1 .T4 no. 7 1928a
|h Library of Congress classification
|i unmediated -- volume
|
| 998 |
f |
f |
|a GR1 .T4 no. 7 1928a
|t 0
|l Cushing: Kelsey Americana (Does not check out)
|